000 00696nam a2200205Ii 4500
003 JO-AjNU
008 230605s9999||||xx |||||||||||||| ||und||
040 _aJO-AjNU
_bara
_erda
_cJO-AjNU
041 _aara
050 1 4 _aLB1025.A27
100 3 _aالإبراشي،محمد عطية,
_eauthor
_920193
245 0 0 _aالإتجاهات الحديثة في التربية
250 _aط7 مزيدة ومنقحة
264 3 1 _aالقاهرة:دار إحياء الكتب العربية،1943
300 _a391ص
336 _atext
_btxt
_2rdacontent
337 _aunmediated
_bn
_2rdamedia
338 _avolume
_bnc
_2rdacarrier
650 4 _a التربية والتعليم-فلسفة.
_920194
999 _aA6801
_c10369
_d10369